00402nam a2200157Ia 45000010006000000050017000060080041000230410008000640820016000721000024000882450079001122600009001913000028002006500008002286540008002362349220260414150940.0260414t2015||||xx |||||||||||||| ||spa|| aESP a650.12bB79 aBoza, Beatriz eAUT 0aEmpresarios :b14 decisiones empresariales que han transformado el Perú. c2015 a197 páginas :c23 cm. aGEN aCCO